| 000 | 02306cam a2200457 i 4500 | ||
|---|---|---|---|
| 001 | 14263637 | ||
| 003 | EG-ScBUE | ||
| 005 | 20240529084753.0 | ||
| 008 | 060213t2006 caua f b 001 0 eng d | ||
| 020 | _a0804752966 (cloth : alk. paper) | ||
| 020 | _a9780804752961 | ||
| 035 | _a(OCoLC)ocm64098454 | ||
| 040 |
_aDLC _beng _erda _cDLC _dDLC _dBAKER _dUKM _dC#P _dEG-ScBUE |
||
| 041 | 1 |
_aeng _hheb |
|
| 043 |
_aa-is--- _ama----- |
||
| 082 | 0 | 4 |
_a956.9405 _222 _bSHE |
| 100 | 1 |
_aShenhav, Yehouda A., _eauthor. |
|
| 240 | 1 | 0 |
_aYehudim-ha-'Arvim. _lEnglish |
| 245 | 1 | 4 |
_aThe Arab Jews : _ba postcolonial reading of nationalism, religion, and ethnicity / _cYehouda Shenhav. |
| 264 | 1 |
_aStanford, Calif. : _bStanford University Press, _c[2006] |
|
| 264 | 4 | _cc2006 | |
| 300 |
_axiv, 263 pages : _billustrations ; _c24 cm |
||
| 336 |
_2rdacontent _atext _btxt |
||
| 337 |
_aunmediated _2rdamedia _bn |
||
| 338 |
_avolume _bnc _2rdacarrier |
||
| 504 | _aIncludes bibliographical references and index. | ||
| 505 | 0 | _aThe "discovery" of the Arab Jews -- Encounter in Abadan : colonialism, Eurocentrism, and Jewish Orientalism -- How did the Arab Jews become religious and Zionist? -- What do the Arab Jews and the Palestinians have in common? : population exchange, the right of return, and the politics of reparations -- The Arab Jews and Zionist historical memory. | |
| 546 | _aText in English ; translated from the original Hebrew. | ||
| 650 | 7 |
_aJews, Oriental _xCultural assimilation _zIsrael. _2BUEsh |
|
| 650 | 7 |
_aJews _zArab countries _xMigrations. _2BUEsh |
|
| 650 | 7 |
_aPolitics and culture. _2BUEsh |
|
| 650 | 7 |
_aEthnicity _zIsrael. _2BUEsh |
|
| 651 | 7 |
_aIsrael _xEmigration and immigration. _2BUEsh |
|
| 651 | 7 |
_aIsrael _xEthnic relations. _2BUEsh |
|
| 655 | _vReading book | ||
| 856 | 4 | 1 |
_3Table of contents only _uhttp://www.loc.gov/catdir/toc/ecip068/2006004889.html |
| 856 | 4 | 2 |
_3Publisher description _uhttp://www.loc.gov/catdir/enhancements/fy0710/2006004889-d.html |
| 856 | 4 | 2 |
_3Contributor biographical information _uhttp://www.loc.gov/catdir/enhancements/fy0710/2006004889-b.html |
| 942 |
_2ddc _cNB |
||
| 999 |
_c11027 _d11027 |
||